| 000 | 00781nam a2200289Ia 4500 | ||
|---|---|---|---|
| 001 | Z_1779 | ||
| 003 | CHAP | ||
| 008 | 220113s1979 xx 000 0 und d | ||
| 010 | _a164870 | ||
| 040 | _cCHAP | ||
| 082 | _a633.2 C67 | ||
| 100 |
_aCoupland, Robert T _928638 |
||
| 245 |
_aGrassland ecosystems of the world : analysis of grasslands and their uses / _cpor Robert T. Coupland |
||
| 260 |
_aLondon : _bCambridge University, _c1979 |
||
| 300 |
_a401 p. : _bilus. ; gráfs. |
||
| 440 |
_aInternational Biological Programme ; 18 _9138934 |
||
| 500 | _a | ||
| 503 | _a168158 | ||
| 650 |
_aPastizales _xEcología _985933 |
||
| 650 |
_aPastos I. t. _9138196 |
||
| 901 | _a633.2 C67 | ||
| 902 | _aA | ||
| 910 | _a1979 | ||
| 942 | _c1 | ||
| 942 | _cc1 | ||
| 999 |
_c164870 _d164870 |
||